| 000 | 01140 am a2200277 a 4500 | ||
|---|---|---|---|
| 005 | 20240223092956.0 | ||
| 008 | 100630s1997||||ag # f |||| 001 0 spa d | ||
| 020 | _a9508920467 | ||
| 041 | _aspa | ||
| 092 |
_c614.01 _l50 _sLUZ |
||
| 100 | 1 |
_aLuz, Madel T. _91118 |
|
| 245 |
_aNatural, Racional, Social. _bRazón médica y racionalidad científica moderna / _cMadel T. Luz |
||
| 250 |
_a1a ed. _bTraducción Viviana Martinovich. |
||
| 260 |
_aBuenos Aires: _bLugar Editorial; _c1997. |
||
| 300 | _a143 p. | ||
| 500 | _aLuz, M. T. (1997). Natural, racional. social. Razón médica y racionalidad científica moderna. (1a ed.). Buenos Aires : Lugar Editorial. | ||
| 590 | _aDonación Editorial Lugar, Nov. 2005 | ||
| 653 | _aRacionalidad cientifica e historia | ||
| 653 | _aConstrucción de la racionalidad cientifica moderna | ||
| 653 | _aNaturaleza y razón | ||
| 653 | _aRacionalización en el periodo clásico de la edad moderna | ||
| 653 | _aDisciplina de las enfermedades y la razón social: categorias médico-sociales en el siglo XIX | ||
| 653 | _aRazón médica y pasión política | ||
| 930 | _a1367 | ||
| 942 |
_2ddc _cBK |
||
| 999 |
_c450 _d450 |
||